| 000 | 00515nam a22001817a 4500 | ||
|---|---|---|---|
| 003 | BUBTL | ||
| 008 | 190701b xxu||||| |||| 00| 0 eng d | ||
| 082 | _a344.015492 / HUB | ||
| 100 |
_92359 _aHuq, Syed Azadul |
||
| 245 |
_aBangladesh Labour Act, 2006 / _cSyed Azadul Huq |
||
| 250 | _a1st ed | ||
| 260 |
_aDhaka : _bSyeda Zohora Huq, _cc2009 |
||
| 300 |
_a400 p. : _c22 cm. |
||
| 650 | 0 |
_9117 _aBusiness Law |
|
| 856 |
_k0 _l0 _yDownload |
||
| 942 |
_2ddc _cBK |
||
| 999 |
_c6084 _d6084 |
||